00457nam a2200181Ia 4500003000400000005001700004008004100021020002200062040000700084041000800091082002400099100002100123245005900144250000700203260003200210300001600242365001700258OSt20230501113659.0210423s2010 xx 000 0 und d a978-0-470-68633-1 cAL aeng a658.4012 223bGRAC aGRANT (Robert M) aCases to accompany contemporary strategy analysis Ed17 a17 aUKbJohn Wiley & Sonsc2010 axii,417bPB b5307.06cUSD